Géographie: Corse - Statistiques

Statistiques générales
  • Ce quiz a été pris 201 fois
  • Le résultat moyen est 13 sur 22
Statistiques - réponses
Questions Réponses % Correct
Quelles sont les 5 plus grandes villes de Corse ? Ajaccio
100%
Bastia
100%
Haute-Corse
93%
Quels sont les 2 départements corses ? Corse-du-Sud
92%
Dans quelle ville celui-ci a-t-il donné son nom à une université ? Corte
84%
Porto-Vecchio
84%
Quelle ville est située à l'extrême Sud de la Corse, donnant également son nom à un détroit ? Bonifacio
82%
Quel célèbre général a vu le jour à Ajaccio le 15 Août 1769 ? Napoléon Bonaparte
71%
Quels chanteurs et ex-jurés de The Voice ont des origines corses ? Patrick Fiori
67%
Comment s'appelle l'espèce de végétation dense, typique de la corse, également le lieu des résistants ? Maquis
65%
De quelle ville dépendait celle-ci avant ce rattachement ? Gênes
62%
Quel est homme emblématique est considéré comme le "Père de la nation corse" ? Pascal Paoli
62%
Quel fruit est abondamment récolté en Corse, notamment utile pour faire de la farine ? Châtaigne
55%
Comment s'appelle le fromage de brebis bénéficie d'une AOP/AOC ? Brocciu
52%
Quelle activité du secteur tertiaire est abondante en Corse ? Tourisme
47%
Comment est dénommée la portion de la bande Nord de la Corse ? Cap Corse
45%
En quelle année a-t-elle été rattachée à la France (à 4 ans près) ? 1768
43%
Borgo
41%
Jenifer Bartoli
35%
Biguglia
23%
Combien d'habitants y a-t-il en Corse ? (donnez la dizaine de milliers) 340 000
13%
Comment s'appelle le phénomène qu'exerce Bastia et Ajaccio sur la région (le fait que ces villes concentrent tous les pouvoirs de la région) ? Macrocéphalie
3%
Aucun quiz correspondant
Distribution des résultats
% des personnes avec chaque résultat
Percentile par nombre de réponses
Votre historique - résultats
Vous n’avez pas pris ce quiz